000 00515nam a2200217Ia 4500
008 210210b1907 xxu||||| |||| 00| 0 eng d
041 _aeng
082 _a822/796
100 _aMACAULAY (T B)
245 _aThird chapter of macaulays history: Williams Ed
260 _aLondon
_bJ M Dent and Sons Ltd.
_c1907
650 _aWilliams
650 _aThird
650 _aof
650 _amacaulays
650 _ahistory:
650 _aEd
650 _achapter
690 _aEnglish Prose
906 _a012980
999 _c131814
_d131814